LEADER 01804nam a2200325 a 4500 001 000000154511 003 CaOOAMICUS 005 20160930140622.0 008 160930s1999 it 000 u eng r 032 $aLibriCat 040 $aPUL$bita 245 00$aSustainable development and management of water resources: a legal framework for the Mediterranean /$cedited by Sergio Marchisio, Gianfranco Tamburelli, Liana Pecoraro. 260 $aRome :$bInstitute for legal studies on the international community,$c©1999. 300 $axi, 256 p. ; $c24 cm. 500 $aIn testa al front.: Institute for legal studies on the international community - CNR Mediterranean sustainable development law - MESDEL. 504 $aBibliografia in nota a pič pagina. 650 4$aSviluppo sostenibile.$0(OLS)http://pul/subject/43144 650 4$aAcqua.$0(OLS)http://pul/subject/12703 650 4$aRisorse naturali$xUtilizzazione.$0(OLS)http://pul/subject/6895 700 1 $aTamburelli, Gianfranco.$0(OLS)http://pul/name/98175 700 1 $aPecoraro, Liana.$0(OLS)http://pul/name/98363 700 1 $aMarchisio, Sergio.$0(OLS)http://pul/name/37143 710 2 $aInstitute for legal studies on the international community.$0(OLS)http://pul/name/98364 710 2 $aMediterranean sustainable development law (MESDEL).$0(OLS)http://pul/name/98365 850 $aPUL 852 $aPUL$W1$xDP1 Fondo G. Barberini$y122$m4 H 74$j177582$qFondi$B180554$CPULBib$Z2$F180554 $HBar1184 $81 941 1 $a1 996 $6245$aSustainable development and management of water resources: a legal framework for the Mediterranean$9(OLS)http://pul/title/194120 996 $6260$aRome :$bInstitute for legal studies on the international community$9(OLS)http://pul/publisher/85431 LEADER 01228nam a2200277 u 4500 001 000000028507 003 CaOOAMICUS 005 20070226111818.0 008 960718s1970 it u000 u ita u 035 $a10736786 040 $aBAV$bita$dPUL(R) 245 13$aIl caso Wagner ; Crepuscolo degli idoli ; L'Anticristo ; Ecce homo ; Nietzsche contra Wagner /$cFriedrich Nietzsche ; versioni di Ferruccio Masini e di Roberto Calasso. 260 $aMilano :$bAdelphi,$c1970. 300 $a643 p. ;$c21 cm 490 1 $aOpere di Friedrich Nietzsche ;$v6, 3 490 1 $aClassici ;$v24 500 $aNel front. agg. copia del manoscritto originale con le correzieni di Nietzsche. 740 02$aCrepuscolo degli idoli. 740 02$aAnticristo. 740 02$aEcce homo. 740 02$aNietzsche contra Wagner. 800 1 $aNietzsche, Friedrich Wilhelm,$d1844-1900.$tOpere ;$v6, 3.$0(OLS)http://pul/nameTitle/261$0(OLS)http://pul/name/664$0(OLS)http://pul/title/5258 850 $aPUL 852 $aPUL$W1$xDP1 Fondo Giannini$y60$m1561 F 35$j39564$nBK-PRI$b $qFondi$B39564$CPULBib$Z2$F39564 $H $81 961 $aINV: Fondo Giannini 996 $6260$aMilano :$bAdelphi$9(OLS)http://pul/publisher/51018